|
|
|
|
| LEADER |
00000nam0a2200000 4500 |
| 001 |
287389 |
| 005 |
20231102000002.0 |
| 020 |
|
|
|a RU
|b 85-54290
|
| 035 |
|
|
|a (RuTPU)RU\TPU\book\311788
|
| 090 |
|
|
|a 287389
|
| 100 |
|
|
|a 20150316d1985 km y0rusy5003 ca
|
| 101 |
1 |
|
|a rus
|c eng
|
| 102 |
|
|
|a RU
|
| 105 |
|
|
|a a z 001zy
|
| 200 |
1 |
|
|a Искусственный интеллект
|f А. Эндрю
|g gер. с англ. В. Л. Стефанюка
|
| 210 |
|
|
|a Москва
|c Мир
|d 1985
|
| 215 |
|
|
|a 265 с.
|c ил.
|
| 225 |
1 |
|
|a В мире науки и техники. НТ
|
| 320 |
|
|
|a Библиогр.: с.255-261
|
| 510 |
1 |
|
|a Artificial intelligence
|z eng
|
| 606 |
1 |
|
|a Искусственный интеллект
|2 stltpush
|3 (RuTPU)RU\TPU\subj\13185
|9 39836
|
| 610 |
0 |
|
|a искусственный разум
|
| 610 |
0 |
|
|a эвристика
|
| 610 |
0 |
|
|a игры
|
| 610 |
0 |
|
|a теоремы
|
| 610 |
0 |
|
|a распознавание образов
|
| 610 |
0 |
|
|a анализ
|
| 610 |
0 |
|
|a естественные языки
|
| 610 |
0 |
|
|a нейроны
|
| 610 |
0 |
|
|a перспективы развития
|
| 675 |
|
|
|a 681.5
|z rus
|v 3
|
| 700 |
|
1 |
|a Эндрю
|b А.
|g Алекс
|4 070
|
| 702 |
|
1 |
|a Поспелов
|b Д. А.
|4 340
|
| 801 |
|
0 |
|a RU
|b RuMRKP
|c 19950704
|g psbo
|
| 801 |
|
1 |
|a RU
|b 63413507
|c 20150316
|
| 801 |
|
2 |
|a RU
|b 63413507
|c 20171116
|g RCR
|
| 942 |
|
|
|c BK
|